<?xml version="1.0" encoding="UTF-8"?>
<record
    xmlns:xsi="http://www.w3.org/2001/XMLSchema-instance"
    xsi:schemaLocation="http://www.loc.gov/MARC21/slim http://www.loc.gov/standards/marcxml/schema/MARC21slim.xsd"
    xmlns="http://www.loc.gov/MARC21/slim">

  <leader>00435nam a2200169Ia 4500</leader>
  <controlfield tag="008">230718s9999    xx            000 0 und d</controlfield>
  <datafield tag="041" ind1=" " ind2=" ">
    <subfield code="a">eng</subfield>
  </datafield>
  <datafield tag="082" ind1=" " ind2=" ">
    <subfield code="a">378.11</subfield>
    <subfield code="b">LAN</subfield>
  </datafield>
  <datafield tag="100" ind1=" " ind2=" ">
    <subfield code="a">Lanes</subfield>
    <subfield code="9">132285</subfield>
  </datafield>
  <datafield tag="245" ind1=" " ind2=" ">
    <subfield code="a">Cracking The Gre The Book That Gets You Results</subfield>
  </datafield>
  <datafield tag="260" ind1=" " ind2=" ">
    <subfield code="c">2004</subfield>
    <subfield code="b">Random</subfield>
  </datafield>
  <datafield tag="300" ind1=" " ind2=" ">
    <subfield code="a">384</subfield>
  </datafield>
  <datafield tag="365" ind1=" " ind2=" ">
    <subfield code="c">Rs.</subfield>
    <subfield code="b">450.00</subfield>
  </datafield>
  <datafield tag="500" ind1=" " ind2=" ">
    <subfield code="a">222 GEN</subfield>
  </datafield>
  <datafield tag="700" ind1=" " ind2=" ">
    <subfield code="a">Lanes</subfield>
    <subfield code="9">132285</subfield>
  </datafield>
  <datafield tag="906" ind1=" " ind2=" ">
    <subfield code="d">B:21183/25/8/0413-Oct-2005</subfield>
    <subfield code="c">OTH</subfield>
    <subfield code="b">90</subfield>
  </datafield>
  <datafield tag="999" ind1=" " ind2=" ">
    <subfield code="c">308526</subfield>
    <subfield code="d">308526</subfield>
  </datafield>
  <datafield tag="952" ind1=" " ind2=" ">
    <subfield code="0">0</subfield>
    <subfield code="1">0</subfield>
    <subfield code="2">ddc</subfield>
    <subfield code="3">Ref 222 G (19733)</subfield>
    <subfield code="4">0</subfield>
    <subfield code="7">3</subfield>
    <subfield code="a">CCEP</subfield>
    <subfield code="b">CCEP</subfield>
    <subfield code="d">2004-08-30</subfield>
    <subfield code="e">Pradeep Book Distributors</subfield>
    <subfield code="f">OTH</subfield>
    <subfield code="g">360.00</subfield>
    <subfield code="i">21183/25/8/04</subfield>
    <subfield code="o">378.11</subfield>
    <subfield code="p">CCEP-BK-19733</subfield>
    <subfield code="r">2023-07-18 00:00:00</subfield>
    <subfield code="t">90</subfield>
    <subfield code="v">450.00</subfield>
    <subfield code="w">2005-10-13</subfield>
    <subfield code="y">BK</subfield>
    <subfield code="z">019733</subfield>
  </datafield>
</record>
